000 00662nam a22002172 4500
001 0000006312
005 20151217145832.0
008 071016s xx 000 0 eng d
020 _a8120309375 :
_cKES
040 _aKABU
_cKABU
100 1 _aSmith, Patrick N.
_@0000157736
245 1 0 _aCient/server computing /
_cby Patrick Smith and Steve L. Guengerich.
250 _a2nd ed.
260 _aNew Delhi :
_bPrentice-Hall,
_c1995.
300 _axiv, 354 p.
650 0 _aClient/server computing.
_@0000148406
700 1 _aGuengerich, Steven L.
_@0000157737
908 _a071016
950 _@1
999 _c3105
_d3105